000
00292pab a2200109 454500
008
180718b xxu||||| |||| 00| 0 eng d
100
_a
Chakraborty, Tapan
245
_a
How to improve police image in India
650
_a
Police - India
773
_a
Police Research and Development
909
_a
22316
999
_c
22316
_d
22316